000 01225nam a2200265Ia 4500
001 16193
003 GE_BSU
008 181216s||||||||xx |||||||||||||| ||und||
010 _aივანე ჯავახიშვილის სახ. თსუ.
020 _aISBN 978-9941-13-090-8
040 _cGE_BSU
080 _a911.53(479.22)
100 _aეთერ დავითაია, ზურაბ სეფერთელაძე
245 _aნთროპოგენური ლანდშაფტები = Anthropogenic landscapes
245 _bანალიზი და სინთეზი
245 _cრედ. ნოდარ ელიზბარაშვილი ; ფოტოები: კობა ხარაძე, ეთერ დავითაია
260 _a[თბ.]
260 _bუნ-ტის გამ-ბა,
260 _c2009
300 _a152გვ. ; 20სმ.. - რეზ. ინგლ.. - ბიბლიოგრ.: გვ. 145-150. -
541 _h8ლ.
653 _aლანდშაფტები;
653 _aსაქართველოს ანთროპოგენური ლანდშაფტები;
942 _cBK
999 _c49277
_d49277